Programming in ansi c / (Record no. 188258)
[ view plain ]
| 000 -LEADER | |
|---|---|
| fixed length control field | 00601nam a2200205Ia 4500 |
| 005 - DATE AND TIME OF LATEST TRANSACTION | |
| control field | 20230206105454.0 |
| 008 - FIXED-LENGTH DATA ELEMENTS--GENERAL INFORMATION | |
| fixed length control field | 210716s2007 xx 000 0 und d |
| 015 ## - NATIONAL BIBLIOGRAPHY NUMBER | |
| Source | Deaves, Richard. |
| 020 ## - INTERNATIONAL STANDARD BOOK NUMBER | |
| International Standard Book Number | 70648220 |
| 040 ## - CATALOGING SOURCE | |
| Transcribing agency | AIMIT LIBRARY |
| 041 ## - LANGUAGE CODE | |
| Language code of text/sound track or separate title | eng |
| 082 ## - DEWEY DECIMAL CLASSIFICATION NUMBER | |
| Classification number | 005.133 |
| Edition number | 4 |
| Item number | BALE |
| 100 ## - MAIN ENTRY--PERSONAL NAME | |
| Personal name | Balagurusamy, E. |
| 9 (RLIN) | 70342 |
| 245 ## - TITLE STATEMENT | |
| Title | Programming in ansi c / |
| Statement of responsibility, etc. | By E Balagurusamy |
| 250 ## - EDITION STATEMENT | |
| Edition statement | 4th ed. |
| 260 ## - PUBLICATION, DISTRIBUTION, ETC. | |
| Place of publication, distribution, etc. | New Delhi : |
| Name of publisher, distributor, etc. | Tata Mc Graw Hill Publishing Company , |
| Date of publication, distribution, etc. | 2007. |
| 300 ## - PHYSICAL DESCRIPTION | |
| Extent | xii,549p. ; |
| Other physical details | PB |
| Dimensions | 24cm |
| 650 ## - SUBJECT ADDED ENTRY--TOPICAL TERM | |
| Topical term or geographic name entry element | C Programming |
| 9 (RLIN) | 70343 |
| 942 ## - ADDED ENTRY ELEMENTS (KOHA) | |
| Source of classification or shelving scheme | Dewey Decimal Classification |
| Koha item type | Book |
| Edition | 4th ed. |
| Call number prefix | 005.133 BALE |
| Withdrawn status | Lost status | Source of classification or shelving scheme | Damaged status | Not for loan | Collection code | Home library | Current library | Date acquired | Source of acquisition | Cost, normal purchase price | Inventory number | Total Checkouts | Full call number | Barcode | Date last seen | Cost, replacement price | Price effective from | Koha item type | Date last checked out |
|---|---|---|---|---|---|---|---|---|---|---|---|---|---|---|---|---|---|---|---|
| Dewey Decimal Classification | MCA | St Aloysius Institute of Management & Information Technology | St Aloysius Institute of Management & Information Technology | 02/06/2023 | Sita Book House | 215.00 | Bill no:457; Bill dt:2007-10-08 | 005.133 BALE | MCA07766 | 07/21/2025 | 172.00 | 07/16/2021 | Book | ||||||
| Dewey Decimal Classification | MCA | St Aloysius Institute of Management & Information Technology | St Aloysius Institute of Management & Information Technology | 02/06/2023 | Sita Book House | 215.00 | Bill no:457; Bill dt:2007-10-08 | 1 | 005.133 BALE | MCA07767 | 07/21/2025 | 172.00 | 07/16/2021 | Book | 07/15/2023 | ||||
| Dewey Decimal Classification | MCA | St Aloysius Institute of Management & Information Technology | St Aloysius Institute of Management & Information Technology | 02/06/2023 | Sita Book House | 215.00 | Bill no:457; Bill dt:2007-10-08 | 005.133 BALE | MCA07768 | 07/21/2025 | 172.00 | 07/16/2021 | Book | ||||||
| Dewey Decimal Classification | MCA | St Aloysius Institute of Management & Information Technology | St Aloysius Institute of Management & Information Technology | 02/06/2023 | Sita Book House | 215.00 | Bill no:457; Bill dt:2007-10-08 | 005.133 BALE | MCA07769 | 07/21/2025 | 172.00 | 07/16/2021 | Book | ||||||
| Dewey Decimal Classification | MCA | St Aloysius Institute of Management & Information Technology | St Aloysius Institute of Management & Information Technology | 02/06/2023 | Sita Book House | 215.00 | Bill no:457; Bill dt:2007-10-08 | 005.133 BALE | MCA07770 | 07/21/2025 | 172.00 | 07/16/2021 | Book | ||||||
| Dewey Decimal Classification | MCA | St Aloysius Institute of Management & Information Technology | St Aloysius Institute of Management & Information Technology | 02/06/2023 | Athulya Books | 260.00 | Bill no:543; Bill dt:2010-09-10 | 005.133 BALE | MCA10486 | 07/21/2025 | 195.00 | 07/16/2021 | Book |